Química analítica cualitativa : incluyendo semimicroanálisis cualitativo /

Guardado en:
Autor Principal: Vogel, Arthur I.
Formato: Libro
Idioma:Spanish
Publicado: Buenos Aires : Kapelusz, 1953.
Edición:2a. ed.
Materias:
Etiquetas: Agregar Etiqueta
Sin Etiquetas, Sea el primero en etiquetar este registro!
LEADER 00981nam a22002415a 4500
001 EIQ.libpla004601
008 041125s1953####ag#a#####b####001#0#spa#d
005 20160929121131.0
245 1 0 |a Química analítica cualitativa :  |b incluyendo semimicroanálisis cualitativo /  |c Arthur I. Vogel ; versión castellana de Miguel Catalano, Elsíades Catalano. 
250 |a 2a. ed. 
260 |a Buenos Aires :  |b Kapelusz,  |c 1953. 
300 |a xv, 634 p. :  |b il. ;  |c 24 cm. 
500 |a Título de la edución original: A text-book of qualitative chemical analysis. 
504 |a Incluye referencias bibliográficas e índice. 
100 1 |a Vogel, Arthur I.  |q (Arthur Israel) 
082 0 4 |a 544.07  |2 15 
650 7 |a Química analítica  |x Análisis cualitativo 
650 7 |a Analytical chemistry  |x Qualitative analysis 
650 7 |a Inorganic chemistry 
650 7 |a Organic chemistry 
650 7 |a Química inorgánica 
650 7 |a Química orgánica. 
859 |a AR-BbSID  |b BIB. PLAPIQUI  |h 544  |i V862  |p 6497